[Event "Aragon-chT Preferente B"]
[Site "Aragon"]
[Date "2012.03.03"]
[Round "5.56"]
[White "Laplaza Ara, Carlos"]
[Black "Martinez Martinez, Pedro Jose"]
[Result "1-0"]
[WhiteElo "2011"]
[BlackElo "1797"]
[PlyCount "93"]
[EventDate "2012.02.04"]
[EventType "team"]
[EventRounds "9"]
[EventCountry "ESP"]
[SourceTitle "EXT 2014"]
[Source "ChessBase"]
[SourceDate "2013.11.20"]
[SourceVersion "1"]
[SourceVersionDate "2013.11.20"]
[SourceQuality "1"]
[WhiteTeam "Atl Huesca"]
[BlackTeam "El Soto"]
[WhiteTeamCountry "ESP"]
[BlackTeamCountry "ESP"]

1. d4 e6 2. Nf3 Nf6 3. c3 b6 4. g3 Bb7 5. Bg2 c5 6. 0-0 Nc6 7. Bg5 Be7 8. Ne5 d5 9. Nxc6 Bxc6 10. Nd2 0-0 11. Re1 Ne4 12. Bxe7 Qxe7 13. f3 Nxd2 14. Qxd2 cxd4 15. cxd4 Rac8 16. Rac1 Bb7 17. e3 Ba6 18. f4 f5 19. h4 Qd7 20. Rxc8 Rxc8 21. Rc1 Bb5 22. Rc3 Rc6 23. Qc2 Qc7 24. Rxc6 Qxc6 25. Qxc6 Bxc6 26. Bf1 Kf7 27. Kf2 Kf6 28. Ke1 h6 29. Kd2 g5 30. fxg5+ hxg5 31. Ke1 gxh4 32. gxh4 Kg6 33. Kf2 Be8 34. Kg3 Kf6 35. Kf4 Bh5 36. Bg2 b5 37. b4 Bf7 38. Bf1 a6 39. Be2 Bg6 40. Bd1 Be8 41. h5 Bd7 42. a3 Be8 43. h6 Bg6 44. a4 Bh5 45. Bxh5 bxa4 46. Bd1 a3 47. Bb3 1-0